000 00205nam a22000857a 4500
008 161024b xxu||||| |||| 00| 0 eng d
100 _9950
_aPant
245 _aHindi Book (Suno Kahani)
260 _aNew Delhi
_b2008
999 _c3606
_d3606